Čím je daňové zaťaženie nižšie, tým viac podnikateľských aktivít sa rozbieha

Bibliographic Details
Main Author: Oujezdská, Lena (Author)
Format: Article
Language:Slovak
ISSN:1335-0684
Subjects:

MARC

LEADER 00000nab a2200000 a 4500
001 vtls000667115
003 SK-MaSNL
005 20260304204437.0
008 180206c1998 xo 0 slo
015 |a SNBRB1998/08-23023 
035 |a CLN000019297 
040 |a SNKBUCL  |b slo  |c SNKBUCL  |e AACR2 
041 0 |a slo 
044 |a xo  |c SK 
080 |a 336.2(437.6):658.114  |2 UDC-MRF-SK2 
080 |a 658.114(437.6)  |2 UDC-MRF-SK2 
100 1 |a Oujezdská, Lena  |4 aut  |9 889092 
245 1 0 |a Čím je daňové zaťaženie nižšie, tým viac podnikateľských aktivít sa rozbieha  |c Lena Oujezdská 
650 0 7 |a podnikanie  |x dane  |x zaťaženie daňové  |z Slovensko  |2 snkbucl  |9 1537741 
650 0 7 |a dane  |2 snkbucl  |9 2123 
655 7 |a články z novín a časopisov  |2 snkbucl  |9 267496 
773 0 |x 1335-0684  |t Trend  |g Roč. 8, č. 33 (1998), s. 16A 
850 |a Slovenská národná knižnica v Martine 
852 |a SNK  |b KIS3GCP 
958 |a RBX 
999 |c 3116040  |d 3117970